000 00807nam a2200217Ii 4500
003 JO-AjNU
008 230605s9999||||xx |||||||||||||| ||und||
017 _a2012/7/2665
020 _a978-9957-30-364-8
040 _aJO-AjNU
_bara
_erda
_cJO-AjNU
041 _aara
050 1 4 _aPQ4847.I77.U612 2012
100 3 _aترجمة الناعوري، عيسى ,
_eauthor
_949980
245 0 0 _aالرجال والرفض: رواية المقاومة الإيطالية للكاتب الإيطالي إيليو فيتوريني
264 3 1 _aعمان: فضاءات للنشر والتوزيع، 2013
300 _a274ص
336 _atext
_btxt
_2rdacontent
337 _aunmediated
_bn
_2rdamedia
338 _avolume
_bnc
_2rdacarrier
650 4 _aالأدب العربي - روايات - ترجمة
_949981
999 _aA21987
_c25555
_d25555